Implementation of self-tuning controllers

Guardat en:
Dades bibliogràfiques
Autor principal: Warwick, K (Autor)
Format: Llibre
Idioma:anglès
Publicat: Londres Peter Peregrinus 1988
Col·lecció:IEE Control Engineering Series, 35
Matèries:
Etiquetes: Afegir etiqueta
Sense etiquetes, Sigues el primer a etiquetar aquest registre!

MARC

LEADER 00000nam a2200000 a 4500
001 UCV6405
003 CL-VaPUC
008 920421e19880000UK |||||||||||||||||eng|d
082 0 4 |a 629.836  |b WAR  |2 21 
100 0 |a Warwick, K  |e author  |9 300598 
245 1 0 |a Implementation of self-tuning controllers 
300 |a 311 p 
942 |c BK 
945 |d 19920421 00:00:00 
260 |a Londres  |b Peter Peregrinus  |c 1988 
650 7 |a SISTEMAS DE CONTROL AUTOADAPTABLES  |2 CL-VaPUC  |9 263433 
583 |a last modification  |c 19920421 00:00:00  |k Rodrigo Vera 
490 0 |a IEE Control Engineering Series, 35 
999 |c 212496  |d 212494 
952 |0 0  |1 0  |4 0  |6 629_836000000000000_WAR_1988  |7 0  |8 A  |9 193528  |a BIBING  |b BIBING  |d 2019-11-14  |i 2614227  |o 629.836 WAR 1988  |p 2614227  |r 2025-01-20  |w 2019-11-14  |y BK  |k EIE